000 00762cam a22002293a 4500
001 39363
003 PGUSA
005 20140828083856.0
008 120403s2012||||xxu|||||s|||||000 | eng d
040 _aPGUSA
_beng
042 _adc
050 4 _aHV
100 1 _aDesloges, Pierre,
_d1747-
245 1 0 _aObservations d'un sourd et muèt sur un cours élémentaire d'éducation des sourds et muèts publié en 1779 par M. l'Abbé Deshamps, Chapelain de l'Église d'Orléans
_h[electronic resource] /
_cPierre Desloges
260 _bProject Gutenberg,
_c2012
506 _aPublic domain in the USA.
516 _aElectronic text
653 _aSurdité
830 0 _aProject Gutenberg
_v39363
856 4 0 _uhttp://www.gutenberg.org/ebooks/39363
942 _cEB
999 _c268616
_d268616